PSG - Top 50 joueurs les plus capés - Statistiques

Statistiques générales
  • Ce quiz a été pris 72 fois
  • Le résultat moyen est 21 sur 50
Statistiques - réponses
Nationalité Poste Période Matchs Réponse % Correct
Brésil Défenseur 2013 - actuellement 499 Marquinhos
100%
Italie Milieu 2012 - 2023 416 Marco Verratti
96%
Brésil Défenseur 2012 - 2020 315 Thiago Silva
93%
France Attaquant 2017 - 2024 308 Kylian Mbappé
91%
Uruguay Attaquant 2013 - 2020 301 Edinson Cavani
90%
Argentine Milieu 2015 - 2022 295 Ángel Di María
86%
Maroc Défenseur 2021 - actuellement 188 Achraf Hakimi
83%
France Milieu 2011 - 2017 295 Blaise Matuidi
83%
France Gardien 1992 - 1997 1998 - 2000 318 Bernard Lama
80%
Italie Gardien 2011 - 2017 190 Salvatore Sirigu
80%
France Défenseur 2014 - 2025 241 Presnel Kimpembe
75%
Italie Milieu 2012 - 2018 231 Thiago Motta
74%
Argentine Milieu 2011 - 2018 269 Javier Pastore
72%
Portugal Attaquant 2003 - 2008 211 Pauleta
68%
Allemagne Milieu 2017 - 2023 197 Julian Draxler
64%
France Milieu 2012 -2019 227 Adrien Rabiot
62%
Brésil Défenseur 2012 - 2017 214 Maxwell
62%
France Défenseur 1985 - 1992 201 Mamadou Sakho
59%
Brésil Milieu 2013 - 2018 229 Lucas Moura
58%
France Défenseur 2009 - 2014 198 Christophe Jallet
52%
Brésil Attaquant 1993 - 1998 215 Raí
51%
Yougoslavie (Bosnie) Milieu 1982 - 1991 343 Safet Sušić
48%
Algérie Milieu 1974 - 1984 310 Mustapha Dahleb
42%
France Milieu 2006 - 2015 249 Clément Chantôme
41%
France Défenseur 1992 - 1998 223 Alain Roche
39%
France Milieu 1978 - 1986 273 Luis Fernandez
33%
France Défenseur 2004 - 2013 380 Sylvain Armand
33%
France Attaquant 1980 - 1988 255 Dominique Rocheteau
32%
France Défenseur 2007 - 2015 224 Zoumana Camara
32%
France Défenseur 1975 - 1989 435 Jean-Marc Pilorget
28%
France Gardien 1985 - 1992 285 Joël Bats
23%
France Milieu 1991 - 1998 344 Paul Le Guen
22%
France Milieu 1989 - 1996 280 Daniel Bravo
16%
Brésil Défenseur 2007 - 2012 197 Marcos Ceará
16%
Congo Attaquant 1973 - 1979 217 François M'Pelé
14%
France Milieu 1992 - 1998 253 Vincent Guérin
14%
France Gardien 2000 - 2006 196 Lionel Letizi
12%
France Milieu 1991 - 1994 1995 - 1998 252 Laurent Fournier
10%
France Milieu 2007 - 2011 192 Jérémy Clément
9%
France Gardien 1978 - 1985 281 Dominique Baratelli
6%
France Milieu 1978 - 1985 273 Dominique Bathenay
6%
France Défenseur 1991 - 1996 213 Patrick Colleter
6%
France Défenseur 2000 - 2008 247 Bernard Mendy
3%
France Défenseur 1989 - 1999 2001 - 2003 248 Francis Llacer
3%
France Défenseur 1972 - 1982 291 Éric Renaut
1%
France Milieu 1976 - 1986 266 Jean-Claude Lemoult
1%
France Défenseur 1984 - 1991 219 Philippe Jeannol
1%
France Milieu 1997 - 2007 259 Édouard Cissé
0%
France Défenseur 1977 - 1991 255 Franck Tanasi
0%
Brésil Milieu 1985 - 1992 200 Oumar Sène
0%
Aucun quiz correspondant
Distribution des résultats
% des personnes avec chaque résultat
Percentile par nombre de réponses
Votre historique - résultats
Vous n’avez pas pris ce quiz